000 00320nam a22001457a 4500
008 221205b ||||| |||| 00| 0 eng d
020 _a9780471379171
041 _aeng
080 _23rd edition
_a575
082 _a575 voe
100 _a13
101 _abiokimi
245 _aBIOCHEMISTRY
_cVOET D
942 _2udc
_cBK
999 _c59096
_d59096